01357cam a2200217 a 45000010009000000050017000090080041000260100017000670200034000840400013001180500015001311000023001462450095001692500012002642600046002763000036003225040066003585050678004246500015011027000022011171346391620210414114134.0040121s2005 cauab b 001 0 eng  a 2004100837 a0534636799 (Advantage series) aDLCcDLC00aHM586.K67 1 aKornblum, William.10aSociology in a changing world. /cWilliam Kornblum in collaboration with Carolyn D. Smith. a7th ed. aBelmont, CA :bThomson/Wadsworth,cc2005. axxxiii, 694 p. :bill.;c29 cm. aIncludes bibliographical references (p. 647-670) and indexes. aContents: Social foundations: Sociology: an introduction -- The Tools of sociology -- Culture -- Societies and nations -- Social dynamics: Socialization -- Interaction in groups -- Deviance and social control -- Collective behavior, social movements, and mass publics -- Population and urbanization -- Global social change -- Social divisions: Stratification and global inequality -- Inequalities of social class -- Inequalities of race and ethnicity -- Inequalities of gender -- Inequalities of youth and age -- Social institutions: The Family -- Religion -- Education -- Economic institutions -- Politics and political institutions -- Technology, environment, and health. 0aSociology.1 aSmith, Carolyn D.